Welcome to CU Library Online Public Access Catalogue (OPAC)

Industrial organization psychology (Record no. 5766)

MARC details
000 -LEADER
fixed length control field 00382nam a22001457a 4500
005 - DATE AND TIME OF LATEST TRANSACTION
control field 20250514151852.0
008 - FIXED-LENGTH DATA ELEMENTS--GENERAL INFORMATION
fixed length control field 250514b |||||||| |||| 00| 0 eng d
020 ## - INTERNATIONAL STANDARD BOOK NUMBER
International Standard Book Number 9780070424401
050 ## - LIBRARY OF CONGRESS CALL NUMBER
Classification number HF5548
Item number .8 MIN
100 ## - MAIN ENTRY--PERSONAL NAME
Personal name Miner, John B.
245 ## - TITLE STATEMENT
Title Industrial organization psychology
260 ## - PUBLICATION, DISTRIBUTION, ETC.
Place of publication, distribution, etc. New York
Name of publisher, distributor, etc. McGraw-Hill, Inc
Date of publication, distribution, etc. c1992
300 ## - PHYSICAL DESCRIPTION
Extent xxiv, 674p
942 ## - ADDED ENTRY ELEMENTS (KOHA)
Source of classification or shelving scheme Library of Congress Classification
Koha item type Books
Suppress in OPAC No
999 ## -
-- 5766
-- 5766
Holdings
Withdrawn status Lost status Source of classification or shelving scheme Damaged status Not for loan Collection Home library Current library Shelving location Date acquired Total checkouts Full call number Barcode Date last seen Copy number Price effective from Koha item type Public note
    Library of Congress Classification     Non-fiction Graduate Library (Christ Temple) Graduate Library (Christ Temple)   02/11/2026   HF 5548.8 MIN GSCT00002322 02/11/2026 1 02/11/2026 Books EAQ
    Library of Congress Classification     Non-fiction Graduate Library (Christ Temple) Graduate Library (Christ Temple)   02/11/2026   HF 5548.8 MIN GSCT00002323 02/11/2026 2 02/11/2026 Books EAQ
    Library of Congress Classification     Non-fiction Undergraduate Library (Christ Temple) Undergraduate Library (Christ Temple) General stacks 05/14/2025   HF5548.8 MIN ulct00002377 05/14/2025 1 05/14/2025 Books  
    Library of Congress Classification     Non-fiction Undergraduate Library (Christ Temple) Undergraduate Library (Christ Temple) General stacks 05/14/2025   HF5548.8 MIN ulct00002378 05/14/2025 2 05/14/2025 Books  
© 2023-2024 Copyright: Central University Libraries. All Rights Reserved | Created by: Mahone Tech Office